Blood of my blood ; the dilemma of the Italian-Americans.

Bibliographic Details
Main Author: Gambino, Richard
Format: Book
Language:English
Published: Garden City, N.Y. : Doubleday, 1974.
Edition:[1st ed.].
Subjects:

MARC

Tag First Indicator Second Indicator Subfields
LEADER 00000cam a2200000 4500
001 in00000242545
005 20151010050954.0
008 740415s1974 nyu 00100 eng
010 |a  73011705  
020 |a 0385050585  |c $7.95 
035 |a (OCoLC)00909591 
035 |9 ABB3392AM 
040 |a DLC  |c DLC  |d TXA  |d UtOrBLW 
049 |a TXAM  |c [1338521] 
050 0 0 |a E184.I8  |b G35 
082 0 |a 917.3/06/51 
100 1 |a Gambino, Richard. 
245 1 0 |a Blood of my blood ;  |b the dilemma of the Italian-Americans. 
250 |a [1st ed.]. 
264 1 |a Garden City, N.Y. :  |b Doubleday,  |c 1974. 
300 |a viii, 350 pages ;  |c 22 cm. 
336 |a text  |b txt  |2 rdacontent 
337 |a unmediated  |b n  |2 rdamedia 
338 |a volume  |b nc  |2 rdacarrier 
600 1 0 |a Gambino, Richard. 
650 0 |a Italian Americans. 
999 |a MARS 
999 f f |s d391576e-d8e6-3c3d-a646-fc0d3bc42e81  |i eb5be06c-05f7-369b-97f0-3091b349c43b  |t 0 
952 f f |p ric  |a Texas A&M University  |b Rellis Campus  |c Joint Library Facility  |d Remote Storage  |t 0  |e E184.I8 G35  |h Library of Congress classification  |i unmediated -- volume  |m A14802179755 
998 f f |a E184.I8 G35  |t 0  |l Remote Storage